000 00594pam a2200181 a 4500
999 _c12359
_d12359
003 OSt
005 20240117130339.0
008 941025s1995 nyua b 001 0 eng
020 _a9780486283647
082 0 0 _a720.92
_220
_bHOF
100 1 _aHoffmann, Donald.
245 1 0 _aUnderstanding Frank Lloyd Wright's architecture /
_cDonald Hoffmann.
260 _aNew York :
_bDover Publications,
_c1995.
300 _ax, 102 p. :
_bill. ;
_c28 cm.
504 _aIncludes bibliographical references and index.
600 1 0 _aWright, Frank Lloyd,
_d1867-1959
_xCriticism and interpretation.
942 _2ddc